00865nam a22002537b 4500003000500000005001700005008004100022020002600063040002400089041001400113082001200127100003500139245004800174250001900222260004700241300003300288490001300321655003000334655003000364655003000394942005800424999001900482952011000501322820251030151043.0251030b sa ||||| |||| 00| 1 AFR d a0628022980 (hardback) aMPLbengc2000erda aAfrikaans 0aAF VANB 9123380aVan Blerk, H.Seauthor aPlek van die dooie geeste /cH.S. van Blerk aEerste uitgawe aJohannesburg :bKlub 707 ,c©1982,c1982. a150 pages :bjacket ;c21 cm aKlub 707 09189056aAfrikaans Fiction 09188659aAdventure Stories 09188653a Suspence Fiction 2ddccBKw296xPhillipina Naudey296zPhillipina Naude c788262d788261 00102ddc40708FaKLIPLbKLIPLcFICd2025-10-30l0oAF VANBp74217r2025-10-30w2025-10-30yBKzD104715